00517nam a22001697a 450000500170000001000150001702000260003203500130005803700130007108200180008410000230010224500660012526000300019127000640022130000220028550000400030720150623112525.0 aENG-112887 c700.00a9789382532057 aEN-96419 bDBAD/PUB a880.992870954 aJha, Gauri Shankar aIndian diaspora women English writers /cby Gauri Shankar Jha aJaipurbYKing Booksc2013 a18, Jain Bhawan, Opp. N.B.C., Shanti Nagar bJaipure302006 ax,171p.c23cm(Hb) aIncludes bibliographical references